Ładuje się......
Hans Morgenthau: Realism and Beyond/
| 1. autor: | |
|---|---|
| Format: | Printed Book |
| Język: | English |
| Wydane: |
Cambridge:
Polity,
2009.
|
| LEADER | 00432nam a22001337a 4500 | ||
|---|---|---|---|
| 008 | 150401b xxu||||| |||| 00| 0 eng d | ||
| 020 | |a 978-0-7456-3635-1 | ||
| 100 | |a Scheuerman, William E. | ||
| 245 | |a Hans Morgenthau: Realism and Beyond/ | ||
| 260 | |a Cambridge: |b Polity, |c 2009. | ||
| 300 | |a 257p. | ||
| 942 | |c REF | ||
| 999 | |c 341502 |d 341502 | ||
| 952 | |0 0 |1 0 |4 0 |7 0 |9 391975 |a POL |b POL |c 23 |d 2015-04-01 |i POL1805 |l 0 |p POL1805 |r 2015-04-01 |w 2015-04-01 |y REF | ||